Dublineses
Αποθηκεύτηκε σε:
| Κύριος συγγραφέας: | |
|---|---|
| Μορφή: | Βιβλίο |
| Γλώσσα: | Ισπανικά |
| Έκδοση: |
Santiago
Ediciones Ercilla
1945
|
| Έκδοση: | 1a. ed |
| Θέματα: | |
| Ετικέτες: |
Προσθήκη ετικέτας
Δεν υπάρχουν, Καταχωρήστε ετικέτα πρώτοι!
|
MARC
| LEADER | 00000cam a2200000 a 4500 | ||
|---|---|---|---|
| 001 | UCE2899 | ||
| 003 | CL-VaPUC | ||
| 008 | 140731e19450000cl |||||||||||||||||spa|d | ||
| 082 | 0 | 4 | |a 823 |b JOY |2 21 |
| 100 | |a Joyce, James Augustine |e author |9 498658 | ||
| 245 | 1 | 0 | |a Dublineses |
| 246 | 1 | 0 | |a Dubliners |
| 250 | |a 1a. ed | ||
| 300 | |a 193 p | ||
| 942 | |c BK | ||
| 945 | |d 20140731 15:45:00 |a dcastane | ||
| 260 | |a Santiago |b Ediciones Ercilla |c 1945 | ||
| 650 | 0 | |a Novelas irlandesas |9 266298 | |
| 650 | 0 | |a Literatura irlandesa |9 349943 | |
| 583 | |a last modification |c 20140731 15:45:00 |k Rodrigo Vera | ||
| 999 | |c 356428 |d 356426 | ||
| 952 | |0 0 |1 0 |3 erb |4 0 |6 823_000000000000000_JOY_1945 |7 0 |8 A |9 463769 |a BIBART |b BIBART |i 5049598 |o 823 JOY 1945 |p 5049598 |r 2025-03-13 |w 2019-11-23 |y BK |z Catalogado en:20140731 |k ART | ||